National Crime Surveys: Victim Risk Supplement, 1983

This special one-time survey was designed to collect data on persons aged 12 and over reporting household victimizations. The supplement, administered over a one-month period as part of the National Crime Survey, gathered data on people's lifestyles in order to determine whether certain lifesty...

Descripción completa

Guardado en:  
Detalles Bibliográficos
Autor Corporativo: United States Department of Justice. Office of Justice Programs. Bureau of Justice Statistics. VerfasserIn (Autor)
Tipo de documento: Electrónico Research Data
Lenguaje:Inglés
Publicado: [Erscheinungsort nicht ermittelbar] [Verlag nicht ermittelbar] 1985
En:Año: 1985
Acceso en línea: Volltext (kostenfrei)
Verificar disponibilidad: HBZ Gateway
Palabras clave:

MARC

LEADER 00000cam a22000002c 4500
001 1840067438
003 DE-627
005 20260506204240.0
007 cr uuu---uuuuu
008 230324s1985 xx |||||o 00| ||eng c
024 7 |a 10.3886/ICPSR08316.v2  |2 doi 
035 |a (DE-627)1840067438 
035 |a (DE-599)KXP1840067438 
040 |a DE-627  |b ger  |c DE-627  |e rda 
041 |a eng 
084 |a 2,1  |2 ssgn 
110 2 |a United States Department of Justice. Office of Justice Programs. Bureau of Justice Statistics  |e VerfasserIn  |4 aut 
245 1 0 |a National Crime Surveys: Victim Risk Supplement, 1983 
264 1 |a [Erscheinungsort nicht ermittelbar]  |b [Verlag nicht ermittelbar]  |c 1985 
336 |a Text  |b txt  |2 rdacontent 
337 |a Computermedien  |b c  |2 rdamedia 
338 |a Online-Ressource  |b cr  |2 rdacarrier 
520 |a This special one-time survey was designed to collect data on persons aged 12 and over reporting household victimizations. The supplement, administered over a one-month period as part of the National Crime Survey, gathered data on people's lifestyles in order to determine whether certain lifestyles were related to crime victimization. Five questionnaires used by the Census Bureau for data collection served as the data collection model for this supplement. The first and second questionnaires, VRS-1 and VRS-2, contained basic screen questions and an incident report, respectively. VRS-3, the third questionnaire, was completed for every household member aged 16 or older, and included items specifically designed to determine whether a person's lifestyle at work, home, or during leisure time affected the risk of crime victimization. The interviewers completed the fourth and fifth questionnaires, VRS-4 and VRS-5. They were instructed to answer questions about the respondents' neighborhoods and behavior during the interview. 
540 |a ICPSR Terms of Use 
650 4 |a Crime 
650 4 |a CRIMINAL justice system 
650 4 |a demographic characteristics 
650 4 |a Households 
650 4 |a Leisure 
650 4 |a Living conditions 
650 4 |a Neighborhoods 
650 4 |a Quality of life 
650 4 |a residential environment 
650 4 |a Victimization 
650 4 |a Work Environment 
655 7 |a Forschungsdaten  |0 (DE-588)1098579690  |0 (DE-627)857755366  |0 (DE-576)469182156  |2 gnd-content 
787 0 8 |i Forschungsdaten zu  |a Jenkins, E.L.  |t The changing face of workplace safety 1983 to 2002  |d American Society of Criminology, 2008  |w (DE-627)1912475480 
787 0 8 |i Forschungsdaten zu  |a Lab, Steven P., 1955 -   |t Citizen crime prevention: Domains and participation  |d 1990  |w (DE-627)1912479990 
787 0 8 |i Forschungsdaten zu  |a Lab, Steven P., 1955 -   |t Crime prevention participation: An exploratory analysis  |d 1994  |w (DE-627)1912499037 
787 0 8 |i Forschungsdaten zu  |a Bastian, Lisa D.  |t Criminal Victimization in the United States, 1973-92 Trends  |d United States Department of Justice, Bureau of Justice Statistics, 1994  |w (DE-627)191250216X 
787 0 8 |i Forschungsdaten zu  |t Criminal Victimization in the United States, 1983  |d United States Department of Justice, Bureau of Justice Statistics, 1985  |w (DE-627)1912502232 
787 0 8 |i Forschungsdaten zu  |a Lynch, James P., 1949 -   |t The current and future National Crime Survey  |d State University of New York Press, 1990  |w (DE-627)1912504073 
787 0 8 |i Forschungsdaten zu  |a Lynch, James P., 1949 -   |t Ecological and behavioral influences on property victimization at home: Implications for opportunity theory  |d 1992  |w (DE-627)1912525747 
787 0 8 |i Forschungsdaten zu  |a Madriz, Esther I.  |t Fear of Crime and Victimization of Women: A Real Paradox?  |d [Erscheinungsort nicht ermittelbar] : Vanderbilt University, 1992  |w (DE-627)1912556650 
787 0 8 |i Forschungsdaten zu  |a Maxfield, Michael G.  |t Household composition, routine activity, and victimization: A comparative analysis  |d 1987  |w (DE-627)1764277007 
787 0 8 |i Forschungsdaten zu  |a Maxfield, Michael G.  |t Household Composition, Routine Activity, and Victimization: A Comparison of the 1982 British Crime Survey and the 1983 Victim Risk Supplement to the National Crime Survey  |d American Society of Criminology, 1986  |w (DE-627)1912576449 
787 0 8 |i Forschungsdaten zu  |a LaFree, Gary, 1951 -   |t The Neglected Situation: A Cross-National Study of the Situational Characteristics of Crime  |d 1991  |w (DE-627)1912633272 
787 0 8 |i Forschungsdaten zu  |a Haghighi, Bahram  |t Patterns of Property Crime Victimization and Notification: A Multivariate Approach  |d [Erscheinungsort nicht ermittelbar] : Sam Houston State University, 1985  |w (DE-627)1912647478 
787 0 8 |i Forschungsdaten zu  |a Madriz, Esther  |t The perception of risk in the workplace: A test of routine activity theory  |d 1996  |w (DE-627)1912649233 
787 0 8 |i Forschungsdaten zu  |a Thompson, Carol Y.  |t Predicting household victimization utilizing a multi-level routine activity approach  |d 1996  |w (DE-627)1912658097 
787 0 8 |i Forschungsdaten zu  |a Madriz, Esther I.  |t Race, Gender and Fear of Crime: A Study on a National Sample  |d [Erscheinungsort nicht ermittelbar] : American Sociological Association, 1994  |w (DE-627)1912673703 
787 0 8 |i Forschungsdaten zu  |a Mustaine, Elizabeth  |t The risk of victimization in the workplace for men and women: An analysis using routine activities/lifestyle theory  |d 1996  |w (DE-627)1912691531 
787 0 8 |i Forschungsdaten zu  |a Lynch, James P., 1949 -   |t Routine Activity and Victimization at Work  |d American Society of Criminology, 1986  |w (DE-627)1912694077 
787 0 8 |i Forschungsdaten zu  |a Lynch, James P., 1949 -   |t Routine activity and victimization at work  |d 1987  |w (DE-627)1764280407 
787 0 8 |i Forschungsdaten zu  |a Mustaine, Elizabeth Ehrhardt  |t Sexual assault of college women: A feminist interpretation of a routine activities analysis  |d 2002  |w (DE-627)1912701561 
787 0 8 |i Forschungsdaten zu  |a Ehrhardt, Elizabeth J.  |t The Social Context of Female Criminal Victimization: A Domain-Specific Routine Activity/Lifestyle Analysis  |d [Erscheinungsort nicht ermittelbar] : Ohio State University, 1994  |w (DE-627)1912705761 
787 0 8 |i Forschungsdaten zu  |a Eisner, James Roman  |t Substitutability Between 401(K) Wealth and Pension Wealth  |d [Erscheinungsort nicht ermittelbar] : University of Wisconsin-Madison, 1996  |w (DE-627)1912717530 
787 0 8 |i Forschungsdaten zu  |a Lynch, J.P.  |t Victim behavior and the risk of victimization: Implications of activity-specific victimization rates  |d Max-Planck-Institute fur Auslandisches und Internationales Strafrecht, 1991  |w (DE-627)1912741695 
787 0 8 |i Forschungsdaten zu  |a Mustaine, Elizabeth Ehrhardt  |t Victimization risks and routine activities: A theoretical examination using a gender-specific and domain-specific model  |d 1997  |w (DE-627)1764205464 
856 4 0 |u https://doi.org/10.3886/ICPSR08316.v2  |x Resolving-System  |z kostenfrei  |3 Volltext  |7 0 
935 |a mkri 
951 |a BO 
ELC |a 1 
LOK |0 000 xxxxxcx a22 zn 4500 
LOK |0 001 429681527X 
LOK |0 003 DE-627 
LOK |0 004 1840067438 
LOK |0 005 20230324125340 
LOK |0 008 230324||||||||||||||||ger||||||| 
LOK |0 035   |a (DE-2619)ICPSR8316 
LOK |0 040   |a DE-2619  |c DE-627  |d DE-2619 
LOK |0 092   |o n 
LOK |0 852   |a DE-2619 
LOK |0 852 1  |9 00 
LOK |0 935   |a foda  |a nacj 
LOK |0 939   |a 2023-03-24  |b l01 
OAS |a 1 
ORI |a WA-MARC-krimdoka001.raw